000 00546nam a2200181Ia 4500
003 OSt
005 20230809092422.0
008 221021s9999||||xx |||||||||||||| ||und||
020 _a052141265X
040 _cChuka University Library
050 _aBF 723
_b.C57N66 1992
100 _aPapousek Hanus
_9625
245 0 _aNonverbal Vocal Communication: Comparative and development approaches/
260 _c1992
_aNEW YORK
_bCAMBRIDGE UNIVERSITY PRESS
300 _a303p.
650 _aNon verbal communication in children
_911709
942 _cBK
_2lcc
999 _c535
_d535